[Event "Titled Tuesday intern op 17th Sep Early"]
[Site "Chess,com INT"]
[Date "2024.09.17"]
[Round "7"]
[White "Terry, Renato"]
[Black "Cherepanova, Evita"]
[Result "1-0"]
[WhiteElo "2508"]
[BlackElo "1834"]
[PlyCount "54"]
[EventDate "2024.09.17"]
[EventType "swiss (blitz)"]
[EventRounds "11"]
[EventCountry "USA"]
[SourceTitle "EXT 2025"]
[Source "ChessBase"]
[SourceDate "2024.10.14"]
[SourceVersion "1"]
[SourceVersionDate "2024.10.14"]
[SourceQuality "1"]

1. e4 c6 2. Nf3 d5 3. exd5 cxd5 4. Ne5 Nc6 5. d4 Nxe5 6. dxe5 e6 7. Bd3 Ne7 8. 0-0 Nc6 9. Re1 Bc5 10. Qg4 Kf8 11. c3 Qc7 12. Qf4 a5 13. Nd2 Bd7 14. Nf3 Be8 15. Be3 Ne7 16. Bxc5 Qxc5 17. Nd4 Qb6 18. Rab1 a4 19. Re3 Ng6 20. Qg5 Qd8 21. Qh5 Kg8 22. g3 Nf8 23. Qf3 Nd7 24. a3 Nc5 25. Bc2 Rc8 26. Qf4 h6 27. Rf3 Qg5 1-0

[Event "Titled Tuesday intern op 17th Sep Early"]
[Site "Chess,com INT"]
[Date "2024.09.17"]
[Round "1"]
[White "Teterev, Vitaly"]
[Black "Cherepanova, Evita"]
[Result "0-1"]
[WhiteElo "2257"]
[BlackElo "1834"]
[PlyCount "82"]
[EventDate "2024.09.17"]
[EventType "swiss (blitz)"]
[EventRounds "11"]
[EventCountry "USA"]
[SourceTitle "EXT 2025"]
[Source "ChessBase"]
[SourceDate "2024.10.14"]
[SourceVersion "1"]
[SourceVersionDate "2024.10.14"]
[SourceQuality "1"]

1. e4 d6 2. d4 Nf6 3. Bd3 g6 4. c3 Bg7 5. Nf3 0-0 6. 0-0 c5 7. Re1 Nc6 8. h3 cxd4 9. cxd4 e5 10. d5 Ne7 11. Nc3 Nd7 12. Be3 f5 13. Ng5 Nf6 14. Ne6 Bxe6 15. dxe6 f4 16. Bd2 g5 17. Bc4 Rc8 18. Qb3 Kh8 19. Rad1 h5 20. Nb5 a6 21. Nc3 b5 22. Bf1 g4 23. Nd5 Nfxd5 24. exd5 Nf5 25. Bc3 Qh4 26. Bb4 f3 27. g3 Qe7 28. hxg4 Nxg3 29. fxg3 f2+ 30. Kg2 fxe1Q 31. Rxe1 Qf6 32. Qe3 Bh6 33. Qe2 Rc4 34. Bxd6 e4 35. Bxf8 Bxf8 36. Qe3 Bc5 37. Qf4 Rc2+ 38. Kh1 Qg7 39. d6 hxg4 40. Re2 Qh7+ 41. Kg2 Qh3# 0-1

[Event "EU-ch U16 Girls 30th"]
[Site "Antalya"]
[Date "2022.11.11"]
[Round "6"]
[White "Tashkinova, Sofiia"]
[Black "Cherepanova, Evita"]
[Result "1-0"]
[WhiteElo "2006"]
[BlackElo "1822"]
[PlyCount "65"]
[EventDate "2022.11.06"]
[EventType "swiss"]
[EventRounds "9"]
[EventCountry "TUR"]
[SourceTitle "EXT 2024"]
[Source "ChessBase"]
[SourceDate "2023.10.10"]
[SourceVersion "1"]
[SourceVersionDate "2023.10.10"]
[SourceQuality "1"]

1. e4 e6 2. d4 d5 3. Nc3 Bb4 4. e5 c5 5. a3 Bxc3+ 6. bxc3 Qa5 7. Bd2 Qa4 8. Qg4 Kf8 9. h4 Nc6 10. h5 h6 11. Qd1 b6 12. Nf3 Ba6 13. Rh4 Bxf1 14. Kxf1 Nge7 15. Rf4 Na5 16. Nh4 Ke8 17. Kg1 Nc4 18. Be3 Qa5 19. Qe1 cxd4 20. Bxd4 Nc6 21. Qe2 Nxd4 22. cxd4 Qc3 23. Rc1 Nb2 24. Qb5+ Ke7 25. Rb1 Qd2 26. g3 Nc4 27. Qc6 Rad8 28. Qc7+ Rd7 29. Ng6+ Ke8 30. Qc8+ Rd8 31. Qc6+ Rd7 32. Rxf7 Kxf7 33. Qxd7+ 1-0

[Event "EU-ch Hybrid U16 Girls"]
[Site "Tornelo INT"]
[Date "2021.10.15"]
[Round "2"]
[White "Sulyok, Eszter"]
[Black "Cherepanova, Evita"]
[Result "1-0"]
[WhiteElo "1913"]
[BlackElo "1857"]
[PlyCount "61"]
[EventDate "2021.10.15"]
[EventType "swiss"]
[EventRounds "9"]
[EventCountry "NET"]
[SourceTitle "EXT 2023"]
[Source "ChessBase"]
[SourceDate "2022.10.05"]
[SourceVersion "1"]
[SourceVersionDate "2022.10.05"]
[SourceQuality "1"]
[WhiteTeam "Hungary"]
[BlackTeam "Russia"]
[WhiteTeamCountry "HUN"]
[BlackTeamCountry "RUS"]

1. Nf3 Nf6 2. g3 g6 3. d4 Bg7 4. Bg2 0-0 5. 0-0 d6 6. a4 a5 7. Nc3 Nc6 8. Re1 Nd7 9. e4 e5 10. Be3 f5 11. exf5 gxf5 12. dxe5 Ndxe5 13. Ng5 h6 14. Nh3 Ng4 15. Nf4 Nce5 16. h3 Nxe3 17. Rxe3 c6 18. Nh5 Bh8 19. Ne2 Kh7 20. b3 d5 21. Rc1 Bd7 22. c3 Qc7 23. Qc2 Nf7 24. Nd4 Nd6 25. Re7+ Kg8 26. Ne6 Qc8 27. Nxf8 Kxf8 28. Rh7 Nf7 29. Qd2 Kg8 30. Rxh8+ Kxh8 31. Qd4+ 1-0

[Event "EU-ch Hybrid U16 Girls"]
[Site "Tornelo INT"]
[Date "2021.10.15"]
[Round "9"]
[White "Tsekoura, Vaia"]
[Black "Cherepanova, Evita"]
[Result "0-1"]
[WhiteElo "1591"]
[BlackElo "1857"]
[PlyCount "112"]
[EventDate "2021.10.15"]
[EventType "swiss"]
[EventRounds "9"]
[EventCountry "NET"]
[SourceTitle "EXT 2023"]
[Source "ChessBase"]
[SourceDate "2022.10.05"]
[SourceVersion "1"]
[SourceVersionDate "2022.10.05"]
[SourceQuality "1"]
[WhiteTeam "Greece"]
[BlackTeam "Russia"]
[WhiteTeamCountry "GRE"]
[BlackTeamCountry "RUS"]

1. e4 e6 2. d4 d5 3. Nd2 c5 4. exd5 Qxd5 5. dxc5 Bxc5 6. Ngf3 Nf6 7. Bc4 Qc6 8. Qe2 a6 9. Nb3 Bd6 10. Bg5 Nbd7 11. 0-0-0 b5 12. Bxe6 0-0 13. Bf5 Qc7 14. Qd2 Bc5 15. Bf4 Qb6 16. Bxd7 Nxd7 17. Nxc5 Nxc5 18. Be3 Qc7 19. Qd5 Nb7 20. Nd4 Bd7 21. h4 Rac8 22. h5 Be6 23. Qe4 Bxa2 24. Bf4 Nc5 25. Qf5 Qb6 26. g4 Nb3+ 27. Nxb3 Bxb3 28. Rd6 Qa5 29. c3 Qa1+ 30. Qb1 Rxc3+ 31. Kd2 Qxb1 32. Rxb1 Rc2+ 33. Ke3 Re8+ 34. Kf3 a5 35. Re1 Kf8 36. Red1 Rxb2 37. R1d4 Rc2 38. h6 gxh6 39. Rxh6 Rc3+ 40. Kg2 Bc2 41. Rh5 Rb3 42. Rg5 Bg6 43. Rd7 a4 44. Ra7 Rd8 45. Re5 a3 46. Rae7 f6 47. Bh6+ Kg8 48. Rg7+ Kh8 49. Ree7 b4 50. Rxg6 hxg6 51. Bg7+ Kg8 52. Bxf6 Ra8 53. Rg7+ Kf8 54. Rh7 Ra6 55. g5 Rxf6 56. gxf6 a2 0-1

[Event "Moscow op (Women) 16th"]
[Site "Moscow"]
[Date "2020.02.01"]
[Round "8"]
[White "Stakina, Melissa"]
[Black "Cherepanova, Evita"]
[Result "1/2-1/2"]
[WhiteElo "1491"]
[BlackElo "1737"]
[PlyCount "115"]
[EventDate "2020.01.25"]
[EventType "swiss"]
[EventRounds "9"]
[EventCountry "RUS"]
[SourceTitle "CBM 194 Extra"]
[Source "ChessBase"]
[SourceDate "2020.03.31"]
[SourceVersion "1"]
[SourceVersionDate "2020.03.31"]
[SourceQuality "1"]

1. d4 f5 2. Bf4 Nf6 3. e3 g6 4. Nf3 Bg7 5. Nbd2 0-0 6. Be2 d6 7. h3 h6 8. 0-0 Nc6 9. c4 Ne4 10. d5 Nb4 11. a3 Na6 12. Qc2 Qe8 13. Rac1 g5 14. Bh2 c6 15. Rfd1 Bd7 16. Bd3 cxd5 17. cxd5 Nac5 18. Bc4 b5 19. Ba2 Na4 20. Nd4 Rc8 21. Qb1 Rxc1 22. Qxc1 Qh5 23. Nxe4 fxe4 24. Rd2 Nc5 25. Bb1 g4 26. hxg4 Bxg4 27. b4 Bxd4 28. bxc5 Bxc5 29. Bxe4 b4 30. axb4 Bxb4 31. Rc2 Bd1 32. Rc8 Bc5 33. Rxf8+ Kxf8 34. Qb2 Kf7 35. Qh8 Qg5 36. Bf4 Qg7 37. Qc8 Bg4 38. Bf5 Bxf5 39. Qxf5+ Kg8 40. Qe6+ Kh7 41. Qe4+ Kh8 42. Qe6 a5 43. Qxh6+ Qxh6 44. Bxh6 a4 45. e4 Ba3 46. Bd2 Bb2 47. Bb4 a3 48. Bxa3 Bxa3 49. f4 Bc1 50. g3 Kg7 51. Kf2 Kf6 52. Kf3 Bb2 53. g4 Bc3 54. g5+ Kg6 55. Kg4 Bd4 56. f5+ Kg7 57. Kh5 Be5 58. Kg4 1/2-1/2

[Event "Moscow op (Women) 16th"]
[Site "Moscow"]
[Date "2020.01.26"]
[Round "2"]
[White "Nasyrova, Ekaterina"]
[Black "Cherepanova, Evita"]
[Result "1-0"]
[WhiteElo "2208"]
[BlackElo "1737"]
[PlyCount "91"]
[EventDate "2020.01.25"]
[EventType "swiss"]
[EventRounds "9"]
[EventCountry "RUS"]
[SourceTitle "CBM 194 Extra"]
[Source "ChessBase"]
[SourceDate "2020.03.31"]
[SourceVersion "1"]
[SourceVersionDate "2020.03.31"]
[SourceQuality "1"]

1. Nf3 f5 2. d4 Nf6 3. c4 g6 4. Nc3 Bg7 5. Bf4 0-0 6. e3 d6 7. Be2 h6 8. h3 c6 9. 0-0 Na6 10. a3 Nc7 11. Bh2 Qe8 12. c5 Qd8 13. b4 Be6 14. Qc2 Bf7 15. Rfd1 Ncd5 16. Rab1 Nxc3 17. Qxc3 Ne4 18. Qc2 Rc8 19. Ne1 b5 20. Nd3 g5 21. Nc1 Bd5 22. f3 Nf6 23. Bd3 g4 24. hxg4 fxg4 25. f4 h5 26. Bg3 Ne8 27. Ne2 e5 28. fxe5 dxe5 29. dxe5 h4 30. Bf4 Qe7 31. Bf5 Bxe5 32. Rxd5 cxd5 33. Bxc8 Bxf4 34. exf4 Qe3+ 35. Kh1 g3 36. Bb7 Rf6 37. Bxd5+ Kg7 38. Qe4 Qxa3 39. Qe7+ Kh6 40. Qxe8 Qd3 41. Qe4 Qd2 42. Qd4 Qxe2 43. Qxf6+ Kh7 44. Qxh4+ Kg7 45. Qxg3+ Kf6 46. Qg5# 1-0

[Event "Wch U12 Girls blitz"]
[Site "Minsk"]
[Date "2018.06.24"]
[Round "3"]
[White "Cherepanova, Evita"]
[Black "Nguyen, Linh Dan"]
[Result "0-1"]
[WhiteElo "1619"]
[BlackElo "1407"]
[PlyCount "73"]
[EventDate "2018.06.24"]
[EventType "swiss (blitz)"]
[EventRounds "9"]
[EventCountry "BLR"]
[SourceTitle "EXT 2019"]
[Source "ChessBase"]
[SourceDate "2018.10.10"]
[SourceVersion "1"]
[SourceVersionDate "2018.10.10"]
[SourceQuality "1"]

1. e4 c5 2. Nf3 Nc6 3. d4 cxd4 4. Nxd4 Nf6 5. Nc3 e5 6. Ndb5 d6 7. Bg5 a6 8. Na3 b5 9. Nd5 Be7 10. Bxf6 Bxf6 11. c3 Bg5 12. Nc2 0-0 13. a4 bxa4 14. Rxa4 a5 15. b4 Be6 16. Be2 axb4 17. Rxa8 Qxa8 18. cxb4 Bxd5 19. exd5 Nxb4 20. Nxb4 Qa5 21. 0-0 Qxb4 22. Qc2 g6 23. Rb1 Qd4 24. Rd1 Qb6 25. Bf1 Rb8 26. Qc6 Qb4 27. Qc2 e4 28. Qe2 Re8 29. Qc2 e3 30. fxe3 Bxe3+ 31. Kh1 Bc5 32. Qd3 Qf4 33. Qc2 Re5 34. Qd3 Qf2 35. Be2 Qxe2 36. Qa6 Qxa6 37. Ra1 0-1

[Event "Wch U12 Girls blitz"]
[Site "Minsk"]
[Date "2018.06.24"]
[Round "7"]
[White "Cherepanova, Evita"]
[Black "Zavivaeva, Emilia"]
[Result "1-0"]
[WhiteElo "1619"]
[BlackElo "1598"]
[PlyCount "127"]
[EventDate "2018.06.24"]
[EventType "swiss (blitz)"]
[EventRounds "9"]
[EventCountry "BLR"]
[SourceTitle "EXT 2019"]
[Source "ChessBase"]
[SourceDate "2018.10.10"]
[SourceVersion "1"]
[SourceVersionDate "2018.10.10"]
[SourceQuality "1"]

1. e4 e6 2. d4 d5 3. Nd2 c5 4. exd5 Qxd5 5. Ngf3 cxd4 6. Bc4 Qd8 7. Nb3 Nf6 8. 0-0 Be7 9. Nbxd4 0-0 10. c3 b6 11. h3 Bb7 12. Bf4 Nbd7 13. Bh2 Nd5 14. Qe2 N7f6 15. Rad1 Qc8 16. Bb3 Rd8 17. Rfe1 Bd6 18. Ne5 Nd7 19. Nxd7 Bxh2+ 20. Kxh2 Qxd7 21. Bc2 Qc7+ 22. Kg1 Nf4 23. Qg4 Nxg2 24. Qh5 h6 25. Qg4 Nxe1 26. Rxe1 Rd5 27. f4 Qc5 28. Kh2 Rxd4 29. cxd4 Qxc2+ 30. Re2 Qc4 31. Rd2 Qd5 32. Qg1 Rc8 33. Re2 Qf5 34. Rf2 Qe4 35. Rf1 Rc2+ 36. Rf2 Rxf2+ 37. Qxf2 Qh1+ 38. Kg3 Qe4 39. Kh2 Qd5 40. a3 a5 41. Qd2 Qh1+ 42. Kg3 Qf3+ 43. Kh2 Qd5 44. Qf2 b5 45. Qd2 Qh1+ 46. Kg3 Qg1+ 47. Kh4 Qg6 48. Qf2 Be4 49. Qd2 Bf5 50. Qf2 Be4 51. Qd2 Bf3 52. Qf2 Be4 53. Qd2 Qg1 54. Qe2 Bf5 55. Qf3 g5+ 56. fxg5 hxg5+ 57. Kh5 Bg6+ 58. Kh6 Kf8 59. Qc3 Qf2 60. Qc8+ Ke7 61. Qc7+ Kf6 62. Qe5+ Ke7 63. Qc7+ Kf8 64. Qd8# 1-0

[Event "Wch U12 Girls blitz"]
[Site "Minsk"]
[Date "2018.06.24"]
[Round "6"]
[White "Kudryavtseva, Anastasia"]
[Black "Cherepanova, Evita"]
[Result "1-0"]
[WhiteElo "1516"]
[BlackElo "1619"]
[PlyCount "63"]
[EventDate "2018.06.24"]
[EventType "swiss (blitz)"]
[EventRounds "9"]
[EventCountry "BLR"]
[SourceTitle "EXT 2019"]
[Source "ChessBase"]
[SourceDate "2018.10.10"]
[SourceVersion "1"]
[SourceVersionDate "2018.10.10"]
[SourceQuality "1"]

1. d4 Nf6 2. c4 g6 3. Nc3 Bg7 4. e4 d6 5. Be2 0-0 6. Bg5 Na6 7. a3 h6 8. Be3 e5 9. d5 c6 10. f3 Nc7 11. Qd2 Kh7 12. Bd3 Qe7 13. Nge2 Bd7 14. 0-0 Nfe8 15. f4 f5 16. Rae1 cxd5 17. cxd5 b6 18. Ng3 fxe4 19. Ngxe4 Nf6 20. fxe5 dxe5 21. d6 Qe6 22. dxc7 Nxe4 23. Bxe4 Rac8 24. Nd5 Bc6 25. Rxf8 Rxf8 26. Nc3 Rc8 27. Bxc6 Qxc6 28. Nd5 b5 29. Rc1 Qd6 30. Qd3 Qa6 31. Ne7 Re8 32. Qd7 1-0

[Event "Wch U12 Girls blitz"]
[Site "Minsk"]
[Date "2018.06.24"]
[Round "8"]
[White "Mikheeva, Galina"]
[Black "Cherepanova, Evita"]
[Result "0-1"]
[WhiteElo "1453"]
[BlackElo "1619"]
[PlyCount "132"]
[EventDate "2018.06.24"]
[EventType "swiss (blitz)"]
[EventRounds "9"]
[EventCountry "BLR"]
[SourceTitle "EXT 2019"]
[Source "ChessBase"]
[SourceDate "2018.10.10"]
[SourceVersion "1"]
[SourceVersionDate "2018.10.10"]
[SourceQuality "1"]

1. e4 e6 2. d4 d5 3. e5 c5 4. c3 Qb6 5. Nf3 Nc6 6. a3 c4 7. Nbd2 Na5 8. g3 Bd7 9. h4 Ne7 10. h5 h6 11. Bh3 Qc7 12. 0-0 Nc8 13. Nh4 Nb6 14. f4 Ba4 15. Qf3 0-0-0 16. f5 exf5 17. Nxf5 Kb8 18. Ne3 Be8 19. Qf4 g6 20. hxg6 fxg6 21. Ng4 g5 22. Qf2 Bd7 23. Kh2 Bxg4 24. Bxg4 h5 25. Bh3 Be7 26. Qe2 g4 27. Bg2 h4 28. gxh4 Rxh4+ 29. Kg1 Bf8 30. Rb1 Qh7 31. Rf4 Bh6 32. Rxg4 Rxg4 33. Qxg4 Bxd2 34. Bxd2 Qxb1+ 35. Kf2 Qxb2 36. Qe2 Nb3 37. Bg5 Rf8+ 38. Ke1 Qxc3+ 39. Kd1 Qxd4+ 40. Bd2 Qxd2+ 41. Qxd2 Nxd2 42. Kxd2 Rf2+ 43. Ke3 Rxg2 44. e6 Rg8 45. Kd4 Re8 46. Ke5 c3 47. Kf6 c2 48. Kf7 Rxe6 49. Kxe6 c1Q 50. a4 Qe3+ 51. Kd6 Qe8 52. a5 Qf8+ 53. Ke5 Qe7+ 54. Kd4 Qe4+ 55. Kc5 Qc4+ 56. Kd6 Qc7+ 57. Ke6 Qd8 58. axb6 axb6 59. Ke5 d4 60. Ke4 d3 61. Ke5 d2 62. Ke4 d1Q 63. Ke5 Qe1+ 64. Kf5 Qf8+ 65. Kg5 Qg1+ 66. Kh5 Qh8# 0-1

[Event "Wch U12 Girls rapid"]
[Site "Minsk"]
[Date "2018.06.23"]
[Round "6"]
[White "Cherepanova, Evita"]
[Black "Krupnova, Anna"]
[Result "1-0"]
[WhiteElo "1726"]
[BlackElo "1602"]
[PlyCount "89"]
[EventDate "2018.06.22"]
[EventType "swiss (rapid)"]
[EventRounds "9"]
[EventCountry "BLR"]
[SourceTitle "EXT 2019"]
[Source "ChessBase"]
[SourceDate "2018.10.10"]
[SourceVersion "1"]
[SourceVersionDate "2018.10.10"]
[SourceQuality "1"]

1. e4 c5 2. Nf3 Nc6 3. d4 cxd4 4. Nxd4 g6 5. Nc3 Bg7 6. Be3 Nf6 7. Bc4 0-0 8. f3 Re8 9. Qd2 e6 10. 0-0-0 d5 11. exd5 Nxd5 12. Nxc6 bxc6 13. Bd4 Qa5 14. Bxg7 Kxg7 15. Ne4 Qxd2+ 16. Rxd2 a5 17. Nd6 Rd8 18. Nxc8 Raxc8 19. Rhd1 Re8 20. Bb3 Kf6 21. Rd4 Ne3 22. R1d2 Nd5 23. Rc4 Ne3 24. Rc5 Nd5 25. Rxa5 Ra8 26. Rc5 Rec8 27. a3 Ke7 28. Rc4 h5 29. Rcd4 Rab8 30. c4 Rxb3 31. cxd5 cxd5+ 32. Kb1 Rcb8 33. R4d3 Kd6 34. Rxb3 Rxb3 35. Kc2 Re3 36. b3 Kc5 37. Kb2 f6 38. b4+ Kc4 39. Rc2+ Kd4 40. b5 Rd3 41. b6 e5 42. b7 Rd1 43. b8Q Kd3 44. Qb3+ Kd4 45. Qc3# 1-0

[Event "Wch U12 Girls rapid"]
[Site "Minsk"]
[Date "2018.06.23"]
[Round "9"]
[White "Dubovyk, Anastasiia"]
[Black "Cherepanova, Evita"]
[Result "1-0"]
[WhiteElo "1826"]
[BlackElo "1726"]
[PlyCount "63"]
[EventDate "2018.06.22"]
[EventType "swiss (rapid)"]
[EventRounds "9"]
[EventCountry "BLR"]
[SourceTitle "EXT 2019"]
[Source "ChessBase"]
[SourceDate "2018.10.10"]
[SourceVersion "1"]
[SourceVersionDate "2018.10.10"]
[SourceQuality "1"]

1. e4 e6 2. d4 d5 3. e5 c5 4. c3 Nc6 5. Nf3 Qb6 6. a3 c4 7. Nbd2 Na5 8. Be2 Bd7 9. 0-0 Ne7 10. Rb1 Qc7 11. g3 f6 12. Kg2 Nc8 13. Qe1 Nb6 14. Bd1 Be7 15. Bc2 0-0-0 16. Qd1 h5 17. Nh4 Be8 18. Ndf3 Bf7 19. Bg6 Bxg6 20. Nxg6 Rhg8 21. Bf4 Qd7 22. Nfh4 Qe8 23. Qxh5 fxe5 24. Nxe7+ Qxe7 25. Bg5 Qd7 26. Bxd8 Qxd8 27. Qxe5 Qe8 28. Rbe1 Nd7 29. Qxe6 Qd8 30. Qxd5 g5 31. Nf5 Kb8 32. Re7 1-0

[Event "Dvorkovich Memorial op"]
[Site "Taganrog"]
[Date "2018.01.21"]
[Round "7"]
[White "Cherepanova, Evita"]
[Black "Yarikov, Artem"]
[Result "1/2-1/2"]
[WhiteElo "1753"]
[BlackElo "1634"]
[PlyCount "112"]
[EventDate "2018.01.15"]
[EventType "swiss"]
[EventRounds "9"]
[EventCountry "RUS"]
[SourceTitle "CBM 182 Extra"]
[Source "ChessBase"]
[SourceDate "2018.02.23"]
[SourceVersion "1"]
[SourceVersionDate "2018.02.23"]
[SourceQuality "1"]

1. d4 d5 2. Nf3 Nf6 3. Bf4 Bf5 4. e3 e6 5. Bd3 Bg6 6. Bxg6 hxg6 7. h3 Bd6 8. Ne5 Nbd7 9. Nxd7 Qxd7 10. Bxd6 Qxd6 11. Nd2 0-0 12. 0-0 c6 13. c4 Rfc8 14. c5 Qc7 15. b4 b5 16. cxb6 Qxb6 17. Rb1 Rab8 18. Qa4 a6 19. Rfc1 Qb5 20. Qxb5 axb5 21. Nb3 Ne4 22. Na5 Rb6 23. Rb2 Nd6 24. f3 Nc4 25. Nxc4 bxc4 26. Kf2 Rcb8 27. a3 Ra8 28. Rc3 Rba6 29. Ra2 Ra4 30. Rb2 Rxa3 31. Rxa3 Rxa3 32. Ke2 Kf8 33. e4 Ke7 34. b5 Rb3 35. Rxb3 cxb3 36. Kd2 cxb5 37. Kc3 Kd6 38. Kxb3 Kc6 39. e5 Kb6 40. Kb4 Ka6 41. h4 Kb6 42. f4 Ka6 43. g4 Kb6 44. g5 Ka6 45. Kc5 Ka5 46. Kd6 b4 47. Ke7 b3 48. Kxf7 b2 49. Kxg6 b1Q+ 50. Kxg7 Qh1 51. f5 Qxh4 52. Kf6 Qh8+ 53. Kxe6 Qh5 54. Kf6 Qh4 55. Kf7 Qh3 56. Kg7 Qh1 1/2-1/2

[Event "Dvorkovich Memorial op"]
[Site "Taganrog"]
[Date "2018.01.16"]
[Round "2"]
[White "Pshmahov, Osman"]
[Black "Cherepanova, Evita"]
[Result "1-0"]
[WhiteElo "2103"]
[BlackElo "1753"]
[PlyCount "59"]
[EventDate "2018.01.15"]
[EventType "swiss"]
[EventRounds "9"]
[EventCountry "RUS"]
[SourceTitle "CBM 182 Extra"]
[Source "ChessBase"]
[SourceDate "2018.02.23"]
[SourceVersion "1"]
[SourceVersionDate "2018.02.23"]
[SourceQuality "1"]

1. d4 d5 2. c4 c6 3. cxd5 cxd5 4. Nc3 Nf6 5. e3 Bg4 6. f3 Bf5 7. Nge2 e6 8. Ng3 Bg6 9. e4 Nc6 10. Bb5 a6 11. Bxc6+ bxc6 12. 0-0 Be7 13. Qa4 Qb6 14. exd5 Nxd5 15. Nxd5 exd5 16. Re1 Ra7 17. Bg5 f6 18. Rac1 0-0 19. Bf4 c5 20. dxc5 Bxc5+ 21. Kh1 Bf2 22. Re2 Bxg3 23. hxg3 Raa8 24. Rce1 Bd3 25. Re7 Qb5 26. Qd4 Rfc8 27. Bh6 Rc6 28. Rxg7+ Kh8 29. Qa7 Rac8 30. Rxh7+ 1-0

[Event "Sochi Doroshkevich Amateur op"]
[Site "Sochi"]
[Date "2017.12.27"]
[Round "8"]
[White "Cherepanova, Evita"]
[Black "Nurzhanov, Valikhan"]
[Result "0-1"]
[WhiteElo "1707"]
[BlackElo "2027"]
[PlyCount "60"]
[EventDate "2017.12.21"]
[EventType "swiss"]
[EventRounds "9"]
[EventCountry "RUS"]
[SourceTitle "CBM 182 Extra"]
[Source "ChessBase"]
[SourceDate "2018.02.23"]
[SourceVersion "1"]
[SourceVersionDate "2018.02.23"]
[SourceQuality "1"]

1. d4 Nf6 2. Nf3 g6 3. Bf4 Bg7 4. e3 0-0 5. Be2 b6 6. 0-0 Bb7 7. c4 d5 8. Nc3 Nbd7 9. Rc1 c5 10. a3 cxd4 11. exd4 dxc4 12. Bxc4 Rc8 13. Ba2 Nh5 14. Be3 Ndf6 15. Ne5 Ne8 16. Ng4 Nd6 17. Nh6+ Kh8 18. Qe2 e6 19. Rfd1 f5 20. Bxe6 f4 21. Bd2 Bxh6 22. Bxc8 Nxc8 23. d5 f3 24. Qe5+ Bg7 25. Qe4 Nd6 26. Qg4 Bc8 27. Qa4 fxg2 28. Ne2 Qf6 29. Be1 b5 30. Qxa7 Qxb2 0-1

[Event "Sochi Doroshkevich Amateur op"]
[Site "Sochi"]
[Date "2017.12.24"]
[Round "4"]
[White "Nikishin, Sergey Grigoryevich"]
[Black "Cherepanova, Evita"]
[Result "1-0"]
[WhiteElo "2051"]
[BlackElo "1707"]
[PlyCount "69"]
[EventDate "2017.12.21"]
[EventType "swiss"]
[EventRounds "9"]
[EventCountry "RUS"]
[SourceTitle "CBM 182 Extra"]
[Source "ChessBase"]
[SourceDate "2018.02.23"]
[SourceVersion "1"]
[SourceVersionDate "2018.02.23"]
[SourceQuality "1"]

1. b4 Nf6 2. Bb2 e6 3. a3 d5 4. e3 Be7 5. Nf3 0-0 6. c4 Nbd7 7. d3 c5 8. b5 b6 9. Nbd2 a6 10. a4 axb5 11. axb5 Rxa1 12. Qxa1 Bb7 13. Be2 Qa8 14. 0-0 Rd8 15. Bc3 Ne8 16. Qb2 Bf6 17. Ra1 Qb8 18. Ra4 Nc7 19. Bxf6 Nxf6 20. Qe5 h6 21. h3 Nfe8 22. Ra2 Nd6 23. Qb2 Nce8 24. Ne5 Nf5 25. Ndf3 Ne7 26. d4 f6 27. Ng4 dxc4 28. Bxc4 Bd5 29. Bxd5 Nxd5 30. Ra1 Nd6 31. Rc1 c4 32. Qb1 Ne7 33. e4 h5 34. Ne3 Nf7 35. Nxc4 1-0

[Event "EU-ch U12 Girls 27th"]
[Site "Mamaia"]
[Date "2017.09.11"]
[Round "6"]
[White "Blokhin, Sofia"]
[Black "Cherepanova, Evita"]
[Result "0-1"]
[WhiteElo "1361"]
[BlackElo "1629"]
[PlyCount "112"]
[EventDate "2017.09.05"]
[EventType "swiss"]
[EventRounds "9"]
[EventCountry "ROU"]
[SourceTitle "CBM 180 Extra"]
[Source "ChessBase"]
[SourceDate "2017.10.06"]
[SourceVersion "1"]
[SourceVersionDate "2017.10.06"]
[SourceQuality "1"]

1. e4 e6 2. d3 d5 3. Nd2 c5 4. Ngf3 Nf6 5. g3 Nc6 6. Bg2 g6 7. 0-0 Bg7 8. Re1 0-0 9. h4 h5 10. Qe2 Re8 11. Nb3 b6 12. Bg5 dxe4 13. dxe4 Qc7 14. Rad1 e5 15. Rd2 Bg4 16. c3 Nh7 17. Qe3 c4 18. Nc1 f5 19. Red1 Nxg5 20. hxg5 Rad8 21. Qe2 Na5 22. Rxd8 Rxd8 23. Rxd8+ Qxd8 24. Qd2 Qxd2 25. Nxd2 f4 26. gxf4 exf4 27. f3 Be6 28. Ne2 Be5 29. Kh2 a6 30. Bh3 Kf7 31. Bf1 b5 32. a3 Nb7 33. Nd4 Bd7 34. Nxc4 bxc4 35. Bxc4+ Ke8 36. Bxa6 Nc5 37. Bc4 Na4 38. Ne2 Nxb2 39. Bb3 Nd3 40. Bd1 Nf2 41. Bc2 Nh3 42. c4 Nxg5 43. Ng1 Ne6 44. a4 Nc5 45. a5 g5 46. Kg2 g4 47. Bd1 Bc7 48. Be2 Bxa5 49. Bd1 Nd3 50. Be2 Ne1+ 51. Kf2 g3+ 52. Kf1 h4 53. Bd1 h3 54. Nxh3 Bxh3+ 55. Kg1 Bb6+ 56. Kh1 Bg2# 0-1

[Event "EU-ch U12 Girls 27th"]
[Site "Mamaia"]
[Date "2017.09.09"]
[Round "5"]
[White "Cherepanova, Evita"]
[Black "Mustafina, Yuliana"]
[Result "1-0"]
[WhiteElo "1629"]
[BlackElo "1355"]
[PlyCount "57"]
[EventDate "2017.09.05"]
[EventType "swiss"]
[EventRounds "9"]
[EventCountry "ROU"]
[SourceTitle "EXT 2018"]
[Source "ChessBase"]
[SourceDate "2017.10.13"]
[SourceVersion "1"]
[SourceVersionDate "2017.10.13"]
[SourceQuality "1"]

1. e4 e5 2. Nf3 Nc6 3. Bc4 Bc5 4. 0-0 Nf6 5. d3 d6 6. Nbd2 0-0 7. c3 a6 8. Bb3 Be6 9. Bxe6 fxe6 10. Qb3 Qc8 11. Re1 Kh8 12. h3 Nh5 13. Nf1 Nf4 14. Bxf4 exf4 15. d4 Ba7 16. Rad1 b5 17. N1d2 e5 18. dxe5 dxe5 19. Qd5 Qe8 20. b4 Rd8 21. Qb3 Qg6 22. Qc2 Rf6 23. Nf1 Rfd6 24. h4 Rxd1 25. Rxd1 Rxd1 26. Qxd1 Qxe4 27. Ng5 Qg6 28. Qd7 Bxf2+ 29. Kh1 1-0